000 00188 a2200097 4500
020 _a9789682710056
041 _aspa
100 _aMortiz, Joaquin
245 _aMuertos Incomodos
942 _cBK
999 _c8672
_d8672